000 00523cam a22002052a 4500
001 010490
003 AR-FADEU
008 311216n1975####xxu####################dd
092 _aD347.4
_bM841-2
100 _aMorello, Augusto MarĂ­o
245 _aEl boleto de compraventa inmobiliaria
250 _a2a. ed.
260 _aLa Plata
260 _bAbeledo Perrot
260 _c1975
300 _a893 p
500 _aIncluye App. P.859-878
650 _aCONTRATO COMERCIAL; COMPRAVENTA INMOBILIARIA
942 _cBDGR
999 _c16278
_d16278